| 000 | 01013nam a2200265Ia 4500 | ||
|---|---|---|---|
| 003 | OSt | ||
| 005 | 20220923211438.0 | ||
| 006 | a|||||r|||| 00| 0 | ||
| 007 | ta | ||
| 008 | 220922b |||||||| |||| 00| 0 hin d | ||
| 020 |
_a9789350007020 (hbk) _c495 |
||
| 024 | _a274,091 | ||
| 037 |
_b99, 05/09/2013, Vani Prakashan _cTextual |
||
| 040 |
_aARTS _cARTS _bhin |
||
| 041 |
_2hin _ahin |
||
| 082 | _aO145,1x, 152Q1 | ||
| 100 | _aवाजपेयी, अशोक, अनु. | ||
| 245 | 0 |
_aहमारे और अॅंधेरे के बीच _b चार पोलिश कवि |
|
| 246 | _aHamāre aur aॅandhere ke bīcha: chār polish kavi | ||
| 260 |
_aनई दिल्ली _b वाणी प्रकाशन _c2011 |
||
| 300 |
_a320पृ. _ccm. |
||
| 650 |
_aहिन्दी साहित्य _9156264 |
||
| 942 |
_hO145,1x, 152Q1 _cTEXL _2CC |
||
| 999 |
_c299612 _d299612 |
||